000 01558cam a2200301 a 4500
999 _c30796
_d30796
001 16706212
005 20201007141854.0
008 110324s2012 paua b 001 0 eng
010 _a 2011012307
020 _a9781613501955
020 _a9781613501962 (ebook)
020 _a9781613501979 (print & perpetual access)
040 _aDLC
_cDLC
_dDLC
042 _apcc
050 0 0 _aHD30.2
_b.K63683 2012
082 0 0 _a658.4/038
_222
245 0 0 _aKnowledge management 2.0 :
_borganizational models and enterprise strategies /
_cImed Boughzala, Aurélie Dudezert, [editors].
260 _aHershey, PA :
_bInformation Science Reference,
_cc2012.
300 _axiv, 265 p. :
_bill. ;
_c30 cm.
504 _aIncludes bibliographical references (p. 233-255) and index.
520 _a"This book provides an overview of theoretical and empirical research on knowledge management generation in the Web 2.0 age, highlighting knowledge management evolution with a global focus and investigating the impact knowledge management 2.0 has on business models, enterprise governance and strategies, human resources, and IT design, implementation, and appropriation in organizations"--Provided by publisher.
650 0 _aKnowledge management.
700 1 _aBoughzala, Imed.
700 1 _aDudezert, Aurelie,
_d1975-
906 _a7
_bcbc
_corignew
_d1
_eecip
_f20
_gy-gencatlg
942 _2lcc
_cBOOKS
_hHD30.2 .K63683 2012